[Event "V4 Int Open ch-SVK 2013"]
[Site "Banska Stiavnica SVK"]
[Date "2013.07.12"]
[Round "7.2"]
[White "Krnan, Tomas"]
[Black "Petrik, Tomas"]
[Result "1-0"]
[WhiteElo "2411"]
[BlackElo "2512"]
[Annotator "Tomas Krnan"]
[PlyCount "85"]
[EventDate "2013.07.??"]
[EventType "swiss"]
[EventRounds "9"]
[EventCountry "SVK"]

{The following was the last afternoon game, although it felt like a morning
game. I remember the night before playing doubles blitz games to early morning
hours against various oposition, with Stefan as my teammate. Amongst one of
our opposing teams was also my opponent, and I still recall certain highlights
of those games to a fair detail. A long night of entertainment meant a shorter
preparation...} 1. e4 e6 2. d4 d5 3. Nc3 Bb4 4. e5 Ne7 5. a3 Bxc3+ 6. bxc3 c5
7. h4 {Diagram [#] My opponent has played French almost exclusively and I
figured I would need better preparation to go into the main lines after 7. Qg4.
I found a couple of games where White had some success with 7. h4 against my
opponent, and decided to try this myself.} Qc7 8. Nf3 b6 9. Bb5+ (9. h5 h6 10.
Bb5+ {is the more common move order and it is what I was intending to play:}
Bd7 11. Bd3 Nbc6 12. Rh4 $5 Nf5 13. Rg4 $13 {like my opponent has played
before. I unpurposely switched the move order due to line being new to me.})
9... Bd7 10. Bd3 {Diagram [#]} c4 ({A less common continuation, and one that I
looked briefly at best, if at all. I concentrated my shortened preparation on
10. ... Nbc6. In case of} 10... Nbc6 {, I would have to realize the effect of
a different move order and a possibility for Black to follow} 11. h5 {with}
cxd4 $5 12. cxd4 Nxd4 13. Bb2 Nxf3+ 14. Qxf3 h6 {. And while White has
compensation for the pawn and does not stand worse, I would likely not risk
going into it (given I would find it). I would probably choose 11. 0-0 and
forget about the preparation, all as a result of mixed move order.}) 11. Be2
Ba4 {Logical follow-up - Black fixes the weakness on c2.} 12. h5 h6 13. Nh4
Nbc6 {Diagram [#]} 14. f4 $6 ({The idea of playing f4-f5 makes sense,
especially since the Black bishop is not on d7 anymore. But it is not as
straightforward as I thought it would be. White still has to prepare this
advance and in certain cases has to be careful about Black playing f7-f5
himself and limiting White's play (as will be seen). Much more flexible was
first} 14. Bg4 {, for example:} O-O-O 15. O-O Kb7 16. Ra2 Qd7 17. Qf3 ({or} 17.
Bh3 g5 18. hxg6 fxg6 19. Nf3 Nf5 20. Nh2 {followed by Ng4 and in both cases a
long maneouvring battle would ensue in a position of rough equality.}) 17...
Rdf8 18. Qh3 Nd8 19. Re1 g5 20. Nf3 Nf5) 14... O-O-O 15. Bg4 Qd7 16. Bh3 Kb7
17. O-O g6 {Diagram [#]} 18. g4 $6 {That's the setup I had in mind when I
played 14.f4 and was quite pleased with the outcome - White has prepared the
f4-f5 advance after which his pieces (especially the bishops) will gain in
power. Unfortunately Black has a forced way to put White out of his illusions.
18.hxg5 fxg6 was necessary, but now one can see why the 'f' pawn would be
better on f2: not only the bishop on c1 is blocked, but many kingside squares
are weakend, especially g3 and g4. Nf5 therefore becomes more unpleasant, and
while White is not yet worse, Black's position is easier to play and holds
bigger potential for advantage.} gxh5 $1 19. gxh5 Ka6 {?!?} ({?!? Played after
a long thought. An exclamation mark for originality, one question mark to
cancel the emphasis of an exclamation mark and the other question mark to
assess the move as a mistake.} 19... f5 $1 {was a very powerful move, the
strength of which I completely underestimated: this move totally refutes the
basis of White's scheme and immediately seizes advantage. Now White has to
choose a lesser evil:} 20. exf6 Nf5 {Analysis Diagram [#]} 21. Ng6 (21. Nxf5
exf5 22. Re1 Rhg8+ 23. Kh2 Qf7 24. Be3 (24. Bxf5 $4 Qxf6 25. Bh3 Qh4 26. Rg1
Bxc2 $1 $19) 24... Qxf6 25. Bf2 Rde8 26. Bg2 Re4 $1 {and Black has excellent
play as White's weaknesses will become difficult to defend (} 27. Bxe4 {is no
consolation:} fxe4 28. Rg1 (28. Bg3 $2 Ne7 {and ...Nf5 -+}) 28... Qxf4+ 29. Bg3
Qf5 {and the h5 pawn will soon fall as well, and Black retains all the chances.
}) 21... Rhg8 22. Bxf5 exf5 23. Be3 Qf7 {followed by 24. ... Qxf6 and Black
will also keep a solid advantage due to White's exposed king and weak white
squares.     If White doesn't take 20.exf6 (and plays for example 20.Kh2), he
will be left in defensive mode without any potential for initiative. Because
of this, Black can manouver around and try and expose White's weaknesses:
doubling the rooks on 'g' file, using Qf7-Be8 battery to attack the h5 pawn,
or shifting to queenside weaknesses at an opportune time with ...Nb5. The
position would be very unpleasant to play for White, especially after finding
himself in such a position so unexpectedly.  In this case precise calculation
was necessary and the plan should not have been executed based only on
intuitive assessment.  My opponent did not consider the f4-f5 advance to be
particularly effective due to White's exposed king, and thought that
prophylactically 'improving' the king was sound.}) 20. Be3 ({I considered
immediate} 20. f5 {but thought that} Rdg8+ 21. Kh2 Nxf5 22. Nxf5 exf5 23. Rxf5
Qe7 24. Qf3 Rh7 {would be too dangerous since 25.Qxd5? runs into 25. ... Qh4
26.Qf3 Nxd4! 27.cxd4 Qxd4. But after} 25. Rf4 $1 {White is better, as Black
has difficulty defending d5 and White's bishops become very powerful, for
example} Nxe5 $5 26. dxe5 Qxe5 27. Be3 Bxc2 28. Bd4 $16 {Such lines are
difficult to play at the board however and it was clear to me that by playing
19. ... Ka6 after a long thought, Black was not intending to play f7-f5
himself. I thought it would be best to prepare the f4-f5 advance by improving
all my queenside pieces and perhaps even exchanging a pair of rooks.}) 20...
Rdg8+ {It's worth mentioning that 20. ... f5 is not good at this point since
after taking 21.exf6 White is in time to defend the f6 pawn with Bf2-h4.} 21.
Kh2 {Diagram [#]} Rh7 $6 (21... Nf5 22. Nxf5 exf5 {is an interesting
possibility where Black tears his pawn structure but prevents the f4-f5
advance and the pawns themselves are not easily attackable. I considered this
and thought I would follow with Bf2-h4, Qe2, Rg1 and Bf6 etc. with sizable
advantage, but such evaluation would be too optimistic. White also has
weaknesses on the queenside  and his advantage is only small. Therefore 21. ...
Nf5 may have been preferred to the text move, but my opponent was also
satisfied with his position.}) 22. Qd2 {22. f5 was again possible and quite
strong, but my plan was to exchange a pair of rooks first as I wanted to
minimize Black's counterplay before opening the position. But yes, I have to
agree that 22.f5 should have been played:} (22. f5 Nxf5 23. Nxf5 exf5 24. Bxf5
Qd8 25. Qf3 Rhg7 26. Rg1 $16) 22... Rhg7 23. Rg1 Qe8 $2 {23. ... Nf5 had to
come, and Black has been given enough chances to play it.} 24. Rxg7 Rxg7 25.
Rf1 $1 $16 (25. f5 {now would be premature due to} Nxf5 26. Nxf5 exf5 27. Bxh6
(27. Bxf5 $2 Nxe5 $1) 27... Rg8 28. Rg1 Rh8 $1 {with unclear complications.})
25... Qg8 26. Qf2 {Diagram [#] Played in the spirit of White's plan - final
preparation for the advance of 'f' pawn. White has achieved, with some help
from Black, exactly what he planned - he exchanged a pair of rooks and
concentrated all of his remaining piecese for the support of f4-f5 advance.
White's last move is supported by precise calculation.   26.f5, a move that an
engine was crying for since move 20, was also strong.} Rg4 $1 {Black's only
try for counterplay, which I considered as best when playing 26.Qf2.} 27. f5 $1
({I had no interest in gaining an exchange with} 27. Ng6 {and evaluating the
extent of counterplay after} Nxg6 28. Bxg4 Ngxe5 29. fxe5 Qxg4 30. Qf3 {or 27.
... Rxg6 28.hxg6 fxg6.}) 27... Bxc2 $1 ({Only move;} 27... Nxf5 28. Nxf5 exf5
29. Qxf5 Re4 30. Rf3 Bxc2 (30... Ne7 31. Qf6 $18) 31. Qd7 {should be hopeless
for Black.}) 28. f6 $1 {Diagram [#]} Nc8 $2 ({More stubborn was} 28... Nf5 {
but after} 29. Nxf5 Bxf5 30. Rg1 $1 Rxg1 31. Qxg1 Qf8 (31... Qxg1+ 32. Bxg1 Bh7
33. Bxe6 $1 $18 {or 31. ... Qh7 32.Qg7 +-}) 32. Bxf5 exf5 33. Bc1 {it's hard
to believe Black will be able to survive. This is what I calculated when
playing 26.Qf2 and at that time viewed it as sufficient.}) 29. Bxh6 $18 Bd3 30.
Rg1 Rxg1 31. Qxg1 Qh7 {Diagram [#]} 32. Qe3 (32. Qg7 {was the most precise way
but it would be impractical to give Black counterplay with} Qe4 {, especially
in time trouble. And the win is far from obvious:} 33. Ng2 Nxe5 34. dxe5 Qxe5+
35. Kg1 Qxh5 36. Bg4 $1 Qg6 37. Bxe6 $1 $18) 32... b5 33. Qf4 {Played in
mutual time trouble. White threatens 34.Bxe6, but Black's reply would follow
anyway. Better was 34.Bg4 followed by Bg7 and h6.} Nb6 34. Bg4 Nb8 {34. ...
Bc2 to follow 35.Nf3 with 35. ... Bd1 would have given Black more chances.} 35.
Nf3 Na4 {Diagram [#]} 36. Bg7 ({White has a forced win with} 36. Ng5 $3 Qxh6
37. Nxe6 Qh7 38. Nc7+ Kb7 39. e6 fxe6 40. f7 Nd7 41. Nxe6 {and 42.Qc7+ +-. Of
course, such lines are impossible to play with a minute on the clock.}) 36...
Bb1 37. Qd2 $1 Nd7 ({Losing. The only last try was} 37... Qe4 $1 38. Kg3 Bd3 $1
{when the tempting} 39. Ng5 $2 Qh1 40. Nxf7 Nxc3 $1 41. Qxc3 Qg1+ 42. Kh4 Qf2+
43. Kg5 Qe3+ {leads to perpetual!}) 38. Ng5 Qd3 39. Qxd3 cxd3 40. Nf3 $1 {The
simplest. Time control has been reached and White is winning as Black is
unable to protect the f7 pawn.} d2 41. Nxd2 Bc2 42. h6 Nxc3 {Or 42. ... Bg6 43.
Bh5} 43. Bh5 1-0

[Event "World Junior Chess Championships"]
[Site "?"]
[Date "2012.08.08"]
[Round "7"]
[White "Valsecchi, Alessio"]
[Black "Hambleton, Aman"]
[Result "0-1"]
[WhiteElo "2427"]
[BlackElo "2244"]
[Annotator "Aman Hambleton"]
[PlyCount "84"]
[EventDate "2012.??.??"]
[EventType "swiss"]
[EventRounds "9"]

{My important round 7 game against Italian IM Alessio Valsecchi. Fresh off of
a victory last round, I was hoping to keep the streak going. I was optimistic
because so far in the tournament I was having much more success with the Black
pieces.} 1. e4 e6 2. d4 d5 3. Nd2 h6 $5 {Diagram [#] This is an uncommon way
to play the French Tarrasch, although certainly not a novelty. I think it's
fair to say that most people don't know the best way to handle it, and often
opt for a safe isolated pawn position.} 4. Bd3 (4. Ngf3 Nf6 5. e5 Nfd7 6. Bd3
c5 7. c3 Nc6 8. O-O g5 $1 $13 {is one of the main points of the move h6.
Usually ...Be7 is played to support the g5 advance, but here it has a
dangerous option of going to g7.}) 4... Nc6 5. Ngf3 (5. c3 dxe4 6. Nxe4 e5 $1
$11 {breaks open the center very quickly, and White needs to be accurate.})
5... Nb4 6. Be2 c5 7. c3 Nc6 {Diagram [#] My little Knight dance was done to
include the move c5. Plans like ...Ngf6, e5 Nd7 intending ...f6 do not work
well because the move h6 has already been played.} 8. exd5 exd5 9. dxc5 $6 {
It's possible that White should already allow a symmetrical isolated pawn
position, because it's never optimal to take on c5 before my Bishop has moved.}
Bxc5 10. Nb3 Bb6 11. O-O Nf6 12. Qd3 {Diagram [#] I don't like this move very
much. It feels awkward and I think simply Nbd4 followed by Bf4 or Be3 was
preferred. His plan is to play Be3 but it loses a lot of tempi as we will see
from the game.} (12. Nbd4 $142 O-O 13. Be3 Re8 14. Re1) 12... O-O 13. Be3 Bxe3
14. Qxe3 {And now I can develop and gain time, always a pleasure.} Re8 15. Qd2
Ne4 16. Qc2 Bf5 {Diagram [#] At this point, I've gained 3 moves for free and
despite having an isolated pawn and no dark-squared Bishop, I think Black has
emerged from the opening with no problems.} 17. Nfd4 (17. Bd3 Rc8 18. a3 Qb6
19. Nbd4 {taking control of the dark squares seems to follow White's standard
plan a bit better than the game.}) 17... Bg6 18. Nxc6 ({At this point White
has an uncomfortable choice, because} 18. Bd3 {is well met by} Rc8 {after
which Black intends ...Nb4 or ...Ne5. All the pieces are working well together
and White would much prefer to have played Nbd4 than Nfd4.}) 18... bxc6 19. Bd3
a5 {Diagram [#]} 20. Nd2 (20. f3 {was the final chance to liquidate the
position, intending} Qb6+ 21. Kh1 Nf2+ 22. Qxf2 Qxf2 23. Rxf2 Bxd3 24. Nd4 $15
{where the endgame is not preferable but it should be enough to hold.}) 20...
Qb6 21. Rad1 Rab8 22. b3 Qc5 23. Nxe4 dxe4 {Diagram [#] I think both my
opponent and I evaluated this position as a little better for Black, although
the computer seems to feel it is equal. It goes to show how much of a role
psychology has: I was pressuring for the last 10 moves and we both felt it had
to amount to something.} 24. Bc4 e3 25. Qxg6 Qxc4 26. bxc4 (26. Qc2 Qc5 27. Rd3
$11 {is the only way to maintain the balance, and it's admittedly a very
strange way to deal with the situation. Instead my opponent chose a rook
endgame, but it may already be too tough to hold.}) 26... fxg6 27. fxe3 Rxe3
28. Rd6 Rxc3 29. Rxc6 {Diagram [#]} g5 $1 {This is such an important resource
in the position. Having g-pawns on g7 and g5 achieves two things. First, my
King is safe from bank rank business, and second, Rg6 does not defend g2.
Coupled with White's bank rank problems himself, there is no way to prevent my
invasion.} 30. Rc7 Rb2 31. h3 {Diagram [#]  Critical Position} (31. Rf2 {(or
Rff7)} Rc1+ 32. Rf1 Rcc2 $19) 31... Kh7 $1 {I was quite proud of this move,
because although it lets White occupy the 7th rank before I occupy the 2nd, my
King reaches a safe haven on h5 and then White's King is helpless.} ({The
clumsy} 31... Rcc2 32. Rff7 Rxg2+ {leads to nothing since the g5 pawn blocks
defense of g7. After} 33. Kf1 {there is nothing better than a draw.  editor -}
Rgd2 {threatening mate and trying to block the checks on the d-file doesn't
work:} 34. Rxg7+ Kf8 35. Rgf7+ Ke8 36. Ke1 Rxa2 37. Rh7 $11) 32. Rff7 ({Again} 
32. Rf2 {fails to the standard trick} Rc1+ 33. Rf1 Rcc2 $19) 32... Kg6 33.
Rxg7+ Kh5 34. Rgf7 Rcc2 35. Rc6 Rxg2+ 36. Kf1 Rh2 37. Kg1 {Diagram [#] And now
I get to have a little fun pushing his King around before finally taking all
the pawns and winning the game.} Rbg2+ 38. Kf1 Rxa2 39. Kg1 Rag2+ 40. Kf1 Rc2
41. Kg1 Rxh3 42. Ra7 Ra3 {And here my opponent resigned. There were too many
pawns lost, as well as the checkmate threats to worry about. It's not often
that an isolated pawn position from the French Defense goes this well!} 0-1

[Event "SPICE Cup Open"]
[Site "?"]
[Date "2012.10.16"]
[Round "1"]
[White "Hambleton, Aman"]
[Black "Ramirez, Alejandro"]
[Result "1-0"]
[WhiteElo "2348"]
[BlackElo "2551"]
[Annotator "Aman Hambleton"]
[PlyCount "97"]
[EventDate "2012.??.??"]

{In the first round of the SPICE Cup in St. Louis I was paired up against GM
Alejandro Ramirez from the United States. My goal going into the tournament
was an IM norm, so being paired up against a GM in round 1 was a challenge I
welcomed.} 1. d4 Nf6 2. c4 c5 3. d5 b5 {Diagram [#] I didn't know anything
about my opponent's repertoire before this game since there was no time to
prepare. Otherwise this may not have been quite a surprise, since Alejandro
released a ChessBase DVD on the Benko Gambit very recently.} 4. cxb5 a6 5. bxa6
g6 (5... Bxa6 $143 6. b3 g6 7. Bb2 Bg7 8. g3) 6. Nc3 (6. b3 Bg7 7. Bb2 Nxa6 8.
g3 Bb7 9. Bg2 O-O) 6... Bxa6 7. e4 Bxf1 8. Kxf1 d6 9. Nf3 Bg7 10. g3 {Diagram 
[#] I used to play with h3 and Kg1-h2 but my results weren't convincing. This
was one of my first attempts at hiding the King on g2.} O-O 11. Kg2 Nbd7 12.
Re1 Qb6 13. Re2 $1 {Diagram [#] I give this move an exclamation mark because
of the very effective idea which may not be obvious if you do not play the
Benko from either side. Re1-e2-c2 is a standard defensive idea to protect b2
and c3, the fragile squares in White's camp.} Ng4 14. Rc2 {This idea does not
work well when Black delays Nbd7, because ...Na6-b4 gains time. I played
Re2-c2 because I knew it would be safe there. So far Black is just developing
his pieces normally and taking control of the important e5 square.} Rfb8 15.
Ne1 $1 {I'm proud of finding this move over the board. Usually White plays Nd2
followed by Nc4 but I noticed how important it would be to control d3 in the
resulting position.} (15. Nd2 Ngf6 16. Nc4 Qa6 17. Qe2 Rb4 18. b3 Nb6) 15...
Nge5 16. b3 (16. f4 Nc4 17. b3 Na3 18. Bxa3 Rxa3) 16... c4 {Diagram [#] It is
important to know when it is OK to allow Black to play c4. Although it
cripples our Queenside it also makes the extra pawn more clear. I have to play
a bit passively for the next few moves, but once the pressure stops, f2-f4
will come with tempo.} 17. Rb1 cxb3 18. axb3 Qb4 $2 {Diagram [#] Strangely,
this natural move is a major blunder. This was part of the baited trap I set
with Ne1 many moves ago. Usually ...Qb4 should be played to pressure e4, c3,
and prevent b4. However, Black did not account for the positioning of my N 
(not on d2) because here I will gain time with f4 followed by Nd3.} (18... Nc5
$142 19. b4 Ncd7 20. Be3 Qb7 21. Bd4) 19. f4 Ng4 20. Nd3 (20. Qxg4 Bxc3) 20...
Qd4 21. Qe2 $1 {Leaving the N en prise on g4 is the way to go. The N is not
dangerous, and instead I decide to safeguard my central Knights and kick the
Ng4 with h3.} Rc8 22. Bd2 f5 23. exf5 gxf5 {Diagram [#]} 24. Re1 (24. h3 $5 {
I couldn't be sure about the complications after} Rxc3 25. Bxc3 Qxd5+ 26. Kg1
Bxc3 27. hxg4 Nf6 $44 {so I decided to play it safe.}) 24... Kh8 25. h3 Nh6 26.
Be3 Qf6 27. Nb5 $18 {Diagram [#] In this position I have a very big advantage,
but unfortunately I had used a great deal of the clock to achieve it. I was
really unfamiliar with the tactics in the position while my opponent had seen
them before. The next couple of moves start a downhill trend leading up to
time control.} Rxc2 28. Qxc2 Qf7 29. Nb4 Nf6 30. Bd4 Rg8 31. Qd3 Nh5 {Diagram 
[#]} 32. Bxg7+ $2 {Bf2 was much better, but the pressure on f4 and the g-file
had me seeing ghosts. Now the game could go in any direction. There is real
danger for my King but on the other hand Black's pieces are all on the f, g,
and h-files... and I have a dangerous passed b-pawn!} (32. Bf2 $14 {There is
no useful discovery by the Bg7:} Nxf4+ 33. gxf4 Bc3+ 34. Kf1 Bxb4 {and, among
other good moves,} 35. Qd4+ {wins back the piece on b4.}) 32... Rxg7 33. Kf2 (
33. Kh2 {holds the balance according to the computer, but I think it's
understandable to want to remove the King as far as possible from the danger.})
33... Nxg3 34. Nc3 Qh5 35. Rg1 Qxh3 36. Ke1 Qh4 37. Qd4 Ng4 38. Kd1 Qh2 39. Kc1
Nf2 40. Re1 Nfe4 41. Nc2 {Diagram [#]} Kg8 (41... Qh4 {targeting f4 was the
right plan e.g.} 42. b4 Qxf4+ 43. Kb2 Qe5 $19) 42. b4 Rg4 43. Kb2 Rxf4 44. Nxe4
{Diagram [#]} fxe4 $2 {My opponent returns the favour, finding himself in time
trouble as well now. The time control was 90 minutes plus 30 seconds for the
entire game. ...Rxe4 is the right move, forcing an exchange and then bringing
the N to a better square.} (44... Rxe4 45. Rxe4 Nxe4 {heading to c5 or even d6
after ...Qe5. The h-pawn is the real monster here.}) 45. b5 $14 Nf5 $4 {Now
the game is over.} 46. Qg1+ $8 Qxg1 47. Rxg1+ Ng7 48. Nd4 {Black needs the
resource ...Rf8-b8 but with White's N coming to e6 this is not possible. There
is no way to stop the runner on b5!} Rf2+ (48... e3 49. Rxg7+ $18) 49. Kc3 {My
opponent resigned what turned out to be a really close game. I never thought
it would get this crazy from my dominant position in the middlegame, but I
scared myself while low on time. The tournament was off to a great start, and
this gave me great confidence going for my IM norm.} 1-0